00211nam a2200085Ia 4500008004100000041000800041100001000049245003200059260003400091231212s1974 xx 000 0 und d aeng aJones aInstrument Technology Vol I aNew DelhibD.B.Tarapurc1974